| 000 | 00892cam a2200253 i 4500 | ||
|---|---|---|---|
| 999 |
_c27272 _d27272 |
||
| 001 | 4612054 | ||
| 003 | ARRUPE | ||
| 005 | 20170927115827.0 | ||
| 008 | 770928t19781977enk b 001 0 eng | ||
| 010 | _a 77015492 | ||
| 020 | _a0195023749 (pbk.) | ||
| 040 |
_aDLC _cDLC _dDLC |
||
| 043 | _an-us--- | ||
| 050 | 0 | 0 |
_aGR103 _b.L48 1978 |
| 082 | 0 | 0 | _a398.2 |
| 100 | 1 |
_aLevine, Lawrence W. _936386 |
|
| 245 | 1 | 0 |
_aBlack culture and Black consciousness : _bAfro-American folk thought from slavery to freedom / _cLawrence W. Levine. |
| 260 |
_aOxford ; _aNew York : _bOxford University Press, _c1978, c1977. |
||
| 300 |
_axx, 522 p. ; _c21 cm. |
||
| 504 | _aIncludes bibliographical references and index. | ||
| 650 | 0 |
_aAfrican Americans _xFolklore. _936387 |
|
| 650 | 0 |
_aFolklore _zUnited States. _936388 |
|
| 906 |
_a7 _bcbc _corignew _d1 _eocip _f19 _gy-gencatlg |
||
| 942 |
_2lcc _cMONOGRAPH |
||